Daňovo pragmatický - daňové raje - vybrané problémy

Pokračovanie príspevku z predchádzajúceho čísla. Vybrané problémy daňovo-zvýhodnených teritórií.

Na minha lista:
Detalhes bibliográficos
Autor principal: Burák, Emil
Formato: Capítulo de Livro
Idioma:eslovaco
Assuntos:
Tags: Adicionar Tag
Sem tags, seja o primeiro a adicionar uma tag!

MARC

LEADER 00000naa a2200000 4500
001 0225781
005 20170905094943.7
041 0 |a slo 
044 |a SK 
245 1 0 |a Daňovo pragmatický - daňové raje - vybrané problémy  |c Emil Burák 
520 |a Pokračovanie príspevku z predchádzajúceho čísla. Vybrané problémy daňovo-zvýhodnených teritórií. 
610 2 0 |a raje daňové 
610 2 0 |a plánovanie 
610 2 0 |a únik daňový 
610 2 0 |a offshore 
100 1 |a Burák, Emil